000 003130000a22000970004500
100 1 _aGonzález, José L.
245 1 0 _aThe Latin Amarican church comes of age... Just in time for the United States
300 _aVol. 79, Num. 1 (Enero-Marzo, 1999), Páginas 10-11
773 0 _tLatin America Evangelist
942 _cANA
999 _c55167
_d55167